Rock Musicians in Multiple Bands - Statistics

General Stats
  • This quiz has been taken 411 times
  • The average score is 6 of 13
Answer Stats
Bands Member % Correct
Nirvana, Foo Fighters, Them Crooked Vultures Dave Grohl
91%
The Beatles, Wings Paul McCartney
89%
Yardbirds, Led Zeppelin Jimmy Page
72%
Soundgarden, Audioslave, Temple of the Dog Chris Cornell
59%
Rainbow, Elf, Black Sabbath Ronnie James Dio
42%
Blur, Gorillaz Damon Albarn
41%
Slipknot, Stone Sour Corey Taylor
37%
Alice in Chains, Mad Season Layne Staley
30%
Queens of the Stone Age, Kyuss, Eagles of Death Metal, Them Crooked Vultures Josh Homme
29%
Stone Temple Pilots, Velvet Revolver Scott Weiland
25%
Ozzy Osbourne, Black Label Society Zakk Wylde
23%
Tool, A Perfect Circle Maynard James Keenan
19%
Pantera, Down Phil Anselmo
19%
No matching quizzes found
Score Distribution
Percent of People with Each Score
Percentile by Number Answered
Your Score History
You have not taken this quiz